00374nam a22000977a 4500008004100000082001600041100004400057245010300101260006400204300000800268230621b xxu||||| |||| 00| 0 eng d a328.03bCPA cCommon Wealth Parliamentary Association aReport of the executive committee 1986-1987 and Report of the proceedings of the General Assembly  aKuala LumpurbCommon Wealth Parliamentary Associationc1987 a98p